000 00214 a2200097 4500
001 3035
100 _aS.S.Hayat Khan
245 _aThe nation that lost it's soul.
260 _a
_bJung pub.
_c
090 _c2320
_d2320
942 _aNUST-CAE
_cM
_c14670
999 _c238108
_d238108